From Bulb to Daffodil / (Record no. 6911)
[ view plain ]
| 000 -LEADER | |
|---|---|
| fixed length control field | 00856nam a22002777a 4500 |
| 001 - CONTROL NUMBER | |
| control field | 6911 |
| 003 - CONTROL NUMBER IDENTIFIER | |
| control field | FISKH |
| 005 - DATE AND TIME OF LATEST TRANSACTION | |
| control field | 20250606100021.0 |
| 008 - FIXED-LENGTH DATA ELEMENTS--GENERAL INFORMATION | |
| fixed length control field | 250606b cb ||||| |||| 00| 0 eng d |
| 020 ## - INTERNATIONAL STANDARD BOOK NUMBER | |
| International Standard Book Number | 9780531187876 |
| 040 ## - CATALOGING SOURCE | |
| Original cataloging agency | FISKH |
| Language of cataloging | eng |
| Transcribing agency | FISKH |
| Modifying agency | FISKH |
| 050 ## - LIBRARY OF CONGRESS CALL NUMBER | |
| Classification number | SB413.D12 W44 |
| 082 ## - DEWEY DECIMAL CLASSIFICATION NUMBER | |
| Classification number | 635.9 |
| 100 ## - MAIN ENTRY--PERSONAL NAME | |
| Personal name | Weiss, Ellen |
| 245 ## - TITLE STATEMENT | |
| Title | From Bulb to Daffodil / |
| Statement of responsibility, etc. | by Ellen Weiss |
| 260 ## - PUBLICATION, DISTRIBUTION, ETC. | |
| Place of publication, distribution, etc. | New York : |
| Name of publisher, distributor, etc. | Scholastic, |
| Date of publication, distribution, etc. | 2008. |
| 300 ## - PHYSICAL DESCRIPTION | |
| Extent | 24 pages : |
| Other physical details | color illustrations ; |
| Dimensions | 21 cm |
| 505 ## - FORMATTED CONTENTS NOTE | |
| Formatted contents note | L<br/> |
| 520 ## - SUMMARY, ETC. | |
| Summary, etc. | Follows the lifecycle of a daffodil, from bulb to blossom, and includes a word hunt, definitions, and a look at other plants that grow from bulbs. |
| 521 8# - TARGET AUDIENCE NOTE | |
| Target audience note | 520<br/> |
| Source | Lexile<br/> |
| 521 8# - TARGET AUDIENCE NOTE | |
| Target audience note | L<br/> |
| Source | Raz-Plus<br/> |
| 650 ## - SUBJECT ADDED ENTRY--TOPICAL TERM | |
| Topical term or geographic name entry element | Flowers |
| Form subdivision | Science |
| 650 ## - SUBJECT ADDED ENTRY--TOPICAL TERM | |
| Topical term or geographic name entry element | Gardening |
| Form subdivision | Plants |
| 942 ## - ADDED ENTRY ELEMENTS (KOHA) | |
| Source of classification or shelving scheme | Dewey Decimal Classification |
| Koha item type | Books |
| Suppress in OPAC | No |
| Withdrawn status | Lost status | Source of classification or shelving scheme | Damaged status | Not for loan | Collection | Home library | Current library | Shelving location | Date acquired | Total Checkouts | Full call number | Barcode | Date last seen | Copy number | Price effective from | Koha item type |
|---|---|---|---|---|---|---|---|---|---|---|---|---|---|---|---|---|
| Dewey Decimal Classification | Non-Fiction | Footprints International School Library Network Toul Kork Campus | Footprints International School Library Network Toul Kork Campus | TK Primary Library Room(4th Floor), Bookcase 3&4, Shelves 17-32, Yellow Books | 06/06/2025 | WEI 635.9 SB413.D12 W44 | FISBK05897 | 06/06/2025 | 1 | 06/06/2025 | Books |
